Porovnanie retailových stratégií pre zmiešané produkty v SR

Problematika zmiešaných produktov v ponuke slovenských bánk, ktorá je výsledkom uplatňovania bankopoistných princípov a stratégie krížového predaja. Spolupráca bánk a poisťovní pri predaji poistných produktov. Poistenie v balíku služieb. Poistenie schopnosti splácania bankového úveru. Platobná karta...

Descrizione completa

Salvato in:
Dettagli Bibliografici
Autore principale: Šimko, Martin
Natura: Capitolo di libro
Lingua:slovacco
Soggetti:
Tags: Aggiungi Tag
Nessun Tag, puoi essere il primo ad aggiungerne!!

MARC

LEADER 00000naa$a2200000$$$4500
001 0084921
005 20240502071949.8
041 0 |a slo 
044 |a SK 
245 1 0 |a Porovnanie retailových stratégií pre zmiešané produkty v SR  |c Martin Šimko 
520 |a Problematika zmiešaných produktov v ponuke slovenských bánk, ktorá je výsledkom uplatňovania bankopoistných princípov a stratégie krížového predaja. Spolupráca bánk a poisťovní pri predaji poistných produktov. Poistenie v balíku služieb. Poistenie schopnosti splácania bankového úveru. Platobná karta a poistenie. Hypotekárny úver a životné poistenie. Bankový úver a jeho zabezpečenie inými produktmi. 
610 2 0 |a poistenie 
610 2 0 |a poisťovne 
610 2 0 |a banky 
610 2 0 |a úver bankový 
610 2 0 |a služby 
610 2 0 |a karty platobné 
610 2 0 |a klienti 
610 2 0 |a spolupráca podnikov 
100 1 |a Šimko, Martin